000 00230nam a22000857a 4500
008 160822b xxu||||| |||| 00| 0 eng d
100 _9206
_aVijaya S.R
245 _aGeneral Knowledge Times-6
260 _aNew Delhi
_bGoyal publishers
_c2013
999 _c2864
_d2864